| 000 | 01232nam a22002177a 4500 | ||
|---|---|---|---|
| 999 |
_c59511 _d59511 |
||
| 003 | Ge_BSU | ||
| 005 | 20230306145358.0 | ||
| 008 | 230306s1999 ge ||||| |||| 00| 0 geo d | ||
| 020 | _a9992816309 | ||
| 041 | _ageo | ||
| 080 | _a342.4(430) მ-54 | ||
| 100 |
_aმელქაძე, ოთარ _917111 |
||
| 245 |
_aგერმანიის კონსტიტუციური სამართალი / _cოთარ მელქაძე, ნუცა რამიშვილი; მსოფლიო პარლამენტარიზმის კვლევითი ცენტრი. |
||
| 264 |
_aთბილისი : _bმერანი, _c1999. |
||
| 300 |
_a192 გვ. ; _b20 სმ. |
||
| 490 |
_aპოლიტიკურ-სახელმწიფოებრივი ლიტერატურის სერია ; _vწ. IX |
||
| 653 | _aგერმანიის კონსტიტუციური სამართალი | ||
| 700 |
_aრამიშვილი, ნუცა _eავტორი _917112 |
||
| 710 |
_aმსოფლიო პარლამენტარიზმის კვლევითი ცენტრი. _92952 |
||
| 942 |
_2udc _cBK |
||